Loading...

Oru vakkinte padam /

Bibliographic Details
Main Author: Karassery, M. N.
Language:Undetermined
Published: Kannur : Kairali books , 2007.
Subjects:
LEADER 00677nam a2200169Ia 4500
001 157512
008 170722s9999 xx 000 0 und d
100 |a Karassery, M. N. 
245 |a Oru vakkinte padam / 
260 |a Kannur :  |b Kairali books ,  |c 2007. 
300 |a 119p 
653 |a Malayalam Literature 
923 |d 20080901  |n 000116 
942 |c GEN 
999 |c 137406  |d 137406 
952 |0 0  |1 0  |4 0  |6 O_326N5120X_P71KRP711  |7 0  |9 194087  |a LIB  |b LIB  |d 2013-03-25  |e D C Books  |o O32,6N5120x P71(KR)-P71;1  |p 268219  |r 2017-08-12  |v 65.00  |w 2017-08-12  |y GEN 
952 |0 0  |1 0  |4 0  |6 O_326N5120X_P71KRP711  |7 0  |9 194088  |a LIB  |b LIB  |d 2013-03-25  |e SIB  |o O32,6N5120x P71(KR)-P71;1  |p 276647  |r 2017-08-12  |v 65.00  |w 2017-08-12  |y GEN